Statistics for Random Malay Words

Click here to take the quiz!

General Stats

  • This quiz has been taken 870 times
  • The average score is 13 of 15

Answer Stats

MalayEnglish% Correct
bukubook
98%
ikanfish
96%
airwater
96%
tujuhseven
93%
bolaball
92%
pokoktree
92%
bungaflower
89%
lampulamp
89%
bilikroom
89%
itikduck
85%
cerminmirror
82%
kejucheese
81%
penyapubroom
80%
tembikaiwatermelon
78%
suratletter
77%

Score Distribution

Percentile by Number Answered

Percent of People with Each Score

Your Score History

You have not taken this quiz